000 00458nam a22001697a 4500
005 20251108170936.0
008 250721s1999 xx 000 0 ara d
082 1 4 _a213/محمك
100 1 _aخضر، محمد زكي
245 1 0 _aالإستقامة في مائة حديث شريف /
250 _aط3
264 1 _aعمان :
_c1999.
650 1 7 _aالحديث الشريف
650 1 7 _aعلوم الحديث
942 _2ddc
_cBK
999 _c52684
_d52684